[Event "Mercredi 2014.02.19"]
[Site "Montreal CAN"]
[Date "2014.03.19"]
[Round "5"]
[White "Nardone, Raul"]
[Black "Lacroix, Serge"]
[Result "1-0"]
[WhiteElo "1876"]
[BlackElo "1791"]
[PlyCount "73"]
[EventDate "2014.02.19"]
[EventType "tourn"]
[EventRounds "5"]
[EventCountry "CAN"]

1. d4 d5 2. Nf3 c5 3. c3 Nc6 4. g3 Nf6 5. Bg2 e6 6. O-O b6 7. Ne5 Nxe5 8. dxe5
Ng8 9. c4 Ne7 10. Bg5 Bb7 11. Nc3 Qd7 12. Bxe7 Bxe7 13. cxd5 exd5 14. Nxd5
O-O-O 15. e4 f6 16. exf6 Bxf6 17. Nxf6 gxf6 18. Qh5 Kb8 19. Rfd1 Qe7 20. Qf5
Qe5 21. Qxe5+ fxe5 22. f3 Kc7 23. Kf2 Rxd1 24. Rxd1 Rd8 25. Rxd8 Kxd8 26. f4
Ke7 27. Ke3 exf4+ 28. gxf4 Ba6 29. f5 Kd6 30. Kf4 b5 31. e5+ Ke7 32. Bf1 c4 33.
a3 Bc8 34. Kg5 Kf7 35. e6+ Ke7 36. f6+ Kxe6 37. Bh3+ 1-0

[Event "Quebec-ch Senior"]
[Site "Montreal CAN"]
[Date "2014.02.07"]
[Round "1"]
[White "Lacroix, Serge"]
[Black "Langlois, Jean-Marie"]
[Result "1-0"]
[WhiteElo "1773"]
[BlackElo "1374"]
[PlyCount "70"]
[EventDate "2014.02.07"]
[EventType "swiss"]
[EventRounds "5"]
[EventCountry "CAN"]

1. e4 c5 2. Nf3 Nf6 3. e5 Nd5 4. c4 Nb6 5. Nc3 e6 6. a4 d6 7. a5 N6d7 8. exd6
Bxd6 9. d4 O-O 10. Bd3 a6 11. Bg5 Be7 12. Be3 Nc6 13. Qc2 cxd4 14. Nxd4 Nb4 15.
Qb1 Nxd3+ 16. Qxd3 Ne5 17. Qe2 Bb4 18. f4 Ng6 19. Nb3 Qc7 20. O-O Bxc3 21. bxc3
Qc6 22. Nd4 Qc7 23. g3 Ne7 24. Nf3 Nc6 25. Bb6 Qe7 26. Rfd1 Qf6 27. Nd4 Nxd4
28. cxd4 Bd7 29. Qe5 Qg6 30. Rab1 Ba4 31. Re1 Bc6 32. d5 exd5 33. cxd5 Rfe8 34.
Qd4 Rxe1+ 35. Rxe1 Qd6 1-0

[Event "Quebec-ch Senior"]
[Site "Montreal CAN"]
[Date "2014.02.08"]
[Round "2"]
[White "Bedard, Michel"]
[Black "Lacroix, Serge"]
[Result "0-1"]
[WhiteElo "1548"]
[BlackElo "1773"]
[PlyCount "74"]
[EventDate "2014.02.07"]
[EventType "swiss"]
[EventRounds "5"]
[EventCountry "CAN"]

1. d4 d5 2. c4 e5 3. dxe5 d4 4. g3 Nc6 5. Nf3 Nge7 6. Bg2 Ng6 7. O-O Ngxe5 8.
Nxe5 Nxe5 9. b3 Bc5 10. Ba3 Bxa3 11. Nxa3 O-O 12. Nc2 c5 13. Ne1 Qe7 14. Nd3
Rb8 15. Nf4 Be6 16. Nd5 Qd6 17. f4 Ng4 18. h3 Bxd5 19. hxg4 Bxg2 20. Kxg2 Rfe8
21. Rf3 Qe6 22. Kf2 Qxg4 23. Qd3 Re7 24. Rh1 f5 25. Rh4 Qg6 26. g4 Rbe8 27. g5
Rxe2+ 28. Qxe2 Rxe2+ 29. Kxe2 Qe6+ 30. Kd2 Qe4 31. Rfh3 Qg2+ 32. Kc1 Qf1+ 33.
Kd2 a6 34. Rh2 b5 35. Re2 bxc4 36. bxc4 Qf3 37. g6 hxg6 0-1

[Event "Quebec-ch Senior"]
[Site "Montreal CAN"]
[Date "2014.02.08"]
[Round "3"]
[White "Lacroix, Serge"]
[Black "Beaulieu, Pierre"]
[Result "0-1"]
[WhiteElo "1773"]
[BlackElo "1954"]
[PlyCount "102"]
[EventDate "2014.02.07"]
[EventType "swiss"]
[EventRounds "5"]
[EventCountry "CAN"]

1. e4 b6 2. d4 Bb7 3. Nc3 e6 4. Nf3 Bb4 5. Bd3 Nf6 6. Qe2 d5 7. exd5 Qxd5 8.
O-O Bxc3 9. bxc3 O-O 10. Bf4 Rc8 11. Qe5 Nbd7 12. Qxd5 Nxd5 13. Bd2 c5 14. Rfe1
N7f6 15. a4 cxd4 16. cxd4 Nc3 17. Ne5 Be4 18. a5 Bxd3 19. cxd3 Nfd5 20. axb6
axb6 21. Bxc3 Nxc3 22. f3 g6 23. Kf2 Nd5 24. Nd7 Rxa1 25. Rxa1 Rc7 26. Ra8+ Kg7
27. Ne5 Rb7 28. g3 b5 29. Ra3 Rc7 30. Rb3 f6 31. Ng4 Rc2+ 32. Kg1 h5 33. Nf2 b4
34. Ne4 f5 35. Nc5 Kf6 36. Nd7+ Ke7 37. Ne5 Kf6 38. Nd7+ Kg7 39. Nc5 Kf7 40. h4
e5 41. Na6 Rc3 42. Rb2 b3 43. Kf1 Rxd3 44. dxe5 Rxf3+ 45. Kg2 Rc3 46. Kh3 Ne3
47. Nb4 Ng4 48. e6+ Ke8 49. Kg2 Nf6 50. Kf2 Nd5 51. Nxd5 Rc2+ 0-1

[Event "Quebec-ch Senior"]
[Site "Montreal CAN"]
[Date "2014.02.09"]
[Round "4"]
[White "Dubreuil, Raymond"]
[Black "Lacroix, Serge"]
[Result "0-1"]
[WhiteElo "1492"]
[BlackElo "1773"]
[PlyCount "111"]
[EventDate "2014.02.07"]
[EventType "swiss"]
[EventRounds "5"]
[EventCountry "CAN"]

1. e4 e5 2. Nf3 Nc6 3. Bb5 a6 4. Bxc6 dxc6 5. O-O Bd6 6. h3 c5 7. c3 Ne7 8. d4
f6 9. dxc5 Bxc5 10. Qxd8+ Kxd8 11. Re1 c6 12. Be3 Bxe3 13. Rxe3 Kc7 14. Nbd2
Be6 15. Nb3 b6 16. Rd1 Rhd8 17. Red3 Rxd3 18. Rxd3 a5 19. Nc1 Ng6 20. a3 a4 21.
Ne2 Rd8 22. Rxd8 Kxd8 23. Kh2 Kc7 24. g3 Kd6 25. Nc1 c5 26. Nd3 Bc4 27. Nfe1
Ne7 28. f4 Nc6 29. Kg2 exf4 30. gxf4 Be6 31. h4 Na5 32. Kf2 f5 33. e5+ Kd5 34.
Ke3 Nc4+ 35. Kf3 Bf7 36. Nc2 Bh5+ 37. Kf2 Ke4 38. Nce1 Ne3 39. Kg3 Nd1 40. e6
c4 41. Ne5 Nxb2 42. Nf7 Kd5 43. Nd8 Nd1 44. Nf3 Nxc3 45. Ne5 Ne4+ 46. Kg2 c3
47. Nec6 Kd6 48. Ne5 Ke7 49. Ndc6+ Ke8 50. Nb4 g6 51. Nd5 Bd1 52. Nb4 Bb3 53.
Kf3 Nd2+ 54. Ke2 Nc4 55. Kd3 Nxa3 56. Kxc3 0-1

[Event "Quebec-ch Senior"]
[Site "Montreal CAN"]
[Date "2014.02.09"]
[Round "5"]
[White "Lacroix, Serge"]
[Black "Dorion, Francois"]
[Result "1-0"]
[WhiteElo "1773"]
[BlackElo "1670"]
[PlyCount "53"]
[EventDate "2014.02.07"]
[EventType "swiss"]
[EventRounds "5"]
[EventCountry "CAN"]

1. e4 e5 2. Nf3 Nc6 3. Bb5 d6 4. O-O Nf6 5. Nc3 Bd7 6. Re1 Be7 7. Bxc6 bxc6 8.
d4 exd4 9. Qxd4 O-O 10. Bf4 Nh5 11. Bg3 Nxg3 12. hxg3 Rb8 13. Rab1 c5 14. Qd2
c6 15. b3 Be6 16. Rbd1 Qa5 17. Nd5 Qd8 18. Nxe7+ Qxe7 19. Qxd6 Qxd6 20. Rxd6 h6
21. Rxc6 c4 22. Nd4 Rfc8 23. Rxc8+ Bxc8 24. Nc6 Rb7 25. Na5 Rc7 26. Nxc4 Ba6
27. Ne3 1-0

[Event "Montreal CC-ch"]
[Site "Montreal CAN"]
[Date "2013.06.15"]
[Round "2"]
[White "Tremblay, Alain"]
[Black "Lacroix, Serge"]
[Result "1-0"]
[WhiteElo "2129"]
[BlackElo "1867"]
[PlyCount "67"]
[EventDate "2013.06.14"]
[EventType "swiss"]
[EventRounds "5"]
[EventCountry "CAN"]

1. b4 a5 2. b5 c6 3. c4 d5 4. e3 Bf5 5. Nf3 e6 6. Nc3 Bb4 7. Bb2 Nf6 8. cxd5
cxd5 9. Be2 Nbd7 10. O-O Nc5 11. d3 O-O 12. a3 Bxc3 13. Bxc3 Qe7 14. a4 Rfc8
15. Bb2 Nfd7 16. Rc1 f6 17. Ba3 Qf7 18. Nd4 Qg6 19. Nxf5 Qxf5 20. Bg4 Qg6 21.
d4 f5 22. Bh5 Qf6 23. dxc5 f4 24. exf4 Qxf4 25. Bg4 Nf8 26. Re1 Re8 27. c6 bxc6
28. bxc6 Rac8 29. Bxf8 Kxf8 30. Rxe6 Rc7 31. Rxe8+ Kxe8 32. Rc2 Qxa4 33. Re2+
Kd8 34. Qxa4 1-0

[Event "Mercredi 2013.15.05 ABCD"]
[Site "Montreal CAN"]
[Date "2013.05.15"]
[Round "1"]
[White "Lacroix, Serge"]
[Black "Nardone, Raul"]
[Result "1-0"]
[WhiteElo "1899"]
[BlackElo "1893"]
[PlyCount "63"]
[EventDate "2013.05.15"]
[EventType "tourn"]
[EventRounds "5"]
[EventCountry "CAN"]

1. e4 c5 2. Nf3 Nc6 3. d4 cxd4 4. Nxd4 Nf6 5. Nc3 d6 6. Be2 e6 7. Be3 Be7 8.
O-O Nxd4 9. Bxd4 e5 10. Be3 Be6 11. f4 exf4 12. Rxf4 O-O 13. Qe1 Nd7 14. Rf1
Bg5 15. Qf2 Bxe3 16. Qxe3 Ne5 17. Rad1 Qc7 18. Rd2 Qc5 19. Qxc5 dxc5 20. Nd5
Nc6 21. c3 a6 22. a4 Kh8 23. Nc7 Rfd8 24. Rxd8+ Rxd8 25. Nxe6 fxe6 26. Rf7 Kg8
27. Rxb7 Ne5 28. Bxa6 c4 29. h3 Rd6 30. Bb5 Rd2 31. a5 Rxb2 32. Rb8+ 1-0

[Event "Mercredi 2013.15.05 ABCD"]
[Site "Montreal CAN"]
[Date "2013.05.22"]
[Round "2"]
[White "Heredia, Jose"]
[Black "Lacroix, Serge"]
[Result "1/2-1/2"]
[WhiteElo "1890"]
[BlackElo "1899"]
[PlyCount "112"]
[EventDate "2013.05.15"]
[EventType "tourn"]
[EventRounds "5"]
[EventCountry "CAN"]

1. e4 e5 2. Nf3 Nf6 3. Nxe5 d6 4. Nf3 Nxe4 5. Nc3 Nxc3 6. dxc3 Nc6 7. Be3 Be7
8. Qd2 Bf5 9. O-O-O O-O 10. Bd3 Bxd3 11. Qxd3 Qd7 12. h4 Qe6 13. Ng5 Qg6 14.
Qb5 Bxg5 15. hxg5 Rab8 16. Rh4 a6 17. Qc4 Ne7 18. g4 c6 19. Rdh1 Nd5 20. Rxh7
Qxh7 21. Rxh7 Kxh7 22. Qe4+ Kg8 23. Bd4 Rfe8 24. Qf3 Re1+ 25. Kd2 Rbe8 26. c4
Nc7 27. Bxg7 Kxg7 28. Qf6+ Kg8 29. g6 R1e7 30. gxf7+ Rxf7 31. Qg6+ Kf8 32.
Qxd6+ Ree7 33. f4 Ke8 34. Qg6 Re6 35. Qh5 b5 36. cxb5 Nxb5 37. f5 Rd6+ 38. Ke3
Kf8 39. a4 Re7+ 40. Kf4 Rd4+ 41. Kf3 Rxa4 42. Qh8+ Kf7 43. Qh7+ Kf8 44. Qh8+
Kf7 45. f6 Nd4+ 46. Kf4 Nxc2+ 47. Kg5 Re5+ 48. Kh4 Nd4 49. Qg7+ Ke6 50. Qe7+
Kd5 51. Qd7+ Kc5 52. f7 Nf5+ 53. Kh3 Re3+ 54. Kh2 Re2+ 55. Kh3 Re3+ 56. Kh2
Re2+ 1/2-1/2

[Event "Mercredi 2013.15.05 ABCD"]
[Site "Montreal CAN"]
[Date "2013.05.29"]
[Round "3"]
[White "Lacroix, Serge"]
[Black "Cardin, Guillaume"]
[Result "0-1"]
[WhiteElo "1899"]
[BlackElo "2053"]
[PlyCount "148"]
[EventDate "2013.05.15"]
[EventType "tourn"]
[EventRounds "5"]
[EventCountry "CAN"]

1. e4 d5 2. exd5 Qxd5 3. Nc3 Qd6 4. Nf3 Nf6 5. d4 c6 6. Bg5 Bg4 7. Be2 Nbd7 8.
O-O e6 9. Qd2 Qc7 10. Rfe1 Bd6 11. h3 Bf5 12. Bd3 Bxd3 13. Qxd3 O-O 14. Ne4
Nxe4 15. Rxe4 Rfe8 16. Rae1 Nf8 17. c4 Rac8 18. c5 Be7 19. Bf4 Qd8 20. Ne5 Bxc5
21. Qf3 Bxd4 22. Nxf7 Kxf7 23. Be5+ Kg8 24. Bxd4 c5 25. Bc3 Qd7 26. h4 Rcd8 27.
Rg4 Re7 28. h5 h6 29. Qg3 Rf7 30. Qe3 e5 31. Re4 b6 32. Rxe5 Qd3 33. Qxd3 Rxd3
34. Re8 Rfd7 35. R1e4 Kf7 36. R8e5 Nh7 37. Rf5+ Nf6 38. g4 R7d5 39. Rff4 b5 40.
a3 Rd6 41. Re5 R6d5 42. Re2 Rd6 43. Kg2 Re6 44. Rc2 Re4 45. Rxe4 Nxe4 46. Be5
c4 47. f3 Nc5 48. Bc3 Na4 49. Be5 Rb3 50. Rd2 c3 51. bxc3 Rxa3 52. Rd7+ Ke6 53.
Rxa7 Kxe5 54. Rxg7 Rxc3 55. Re7+ Kf6 56. Rb7 Rc5 57. Rh7 b4 58. Rxh6+ Kg7 59.
Ra6 Nc3 60. Rb6 Rb5 61. Rc6 Nd5 62. g5 Nf4+ 63. Kg3 Ne2+ 64. Kg4 Rb7 65. Rg6+
Kh8 66. Re6 Nd4 67. Re8+ Kg7 68. h6+ Kg6 69. Rg8+ Kh7 70. Rd8 Nc6 71. Kh5 Nxd8
72. g6+ Kg8 73. g7 Rxg7 74. hxg7 Kxg7 0-1

[Event "Mercredi 2013.15.05 ABCD"]
[Site "Montreal CAN"]
[Date "2013.06.05"]
[Round "4"]
[White "Millette, Sylvain"]
[Black "Lacroix, Serge"]
[Result "1-0"]
[WhiteElo "1802"]
[BlackElo "1899"]
[PlyCount "77"]
[EventDate "2013.05.15"]
[EventType "tourn"]
[EventRounds "5"]
[EventCountry "CAN"]

1. Nf3 Nf6 2. g3 g6 3. Bg2 Bg7 4. d4 d5 5. O-O O-O 6. c3 c6 7. Nbd2 Nbd7 8. Re1
Re8 9. e4 dxe4 10. Nxe4 Nxe4 11. Rxe4 Nf6 12. Re1 Bf5 13. Qb3 Qb6 14. Qxb6 axb6
15. Ne5 Be6 16. Nxc6 bxc6 17. Bxc6 Rec8 18. Bxa8 Rxa8 19. b4 Rxa2 20. Rxa2 Bxa2
21. Rxe7 b5 22. Rb7 h5 23. Rxb5 Nd5 24. Rc5 Bf8 25. Rc8 Kg7 26. b5 Nb6 27. Rc6
Nd7 28. c4 Kg8 29. Rc8 Nb6 30. Rb8 Nxc4 31. Bh6 f6 32. Bxf8 Kf7 33. Bc5 Ke6 34.
b6 Nd6 35. b7 Bd5 36. Re8+ Nxe8 37. b8=Q Kd7 38. Qa7+ Nc7 39. Bb6 1-0

[Event "Mercredi 2013.15.05 ABCD"]
[Site "Montreal CAN"]
[Date "2013.06.12"]
[Round "5"]
[White "Lacroix, Serge"]
[Black "Ostaci, Liviu"]
[Result "0-1"]
[WhiteElo "1899"]
[BlackElo "1841"]
[PlyCount "104"]
[EventDate "2013.05.15"]
[EventType "tourn"]
[EventRounds "5"]
[EventCountry "CAN"]

1. e4 e5 2. f4 exf4 3. Nf3 d5 4. exd5 Nf6 5. Bb5+ Bd7 6. Qe2+ Be7 7. Nc3 O-O 8.
O-O Re8 9. d4 Bd6 10. Qd3 a6 11. Bxd7 Nbxd7 12. Bd2 Nf8 13. Rae1 Ng6 14. Rxe8+
Qxe8 15. Re1 Qf8 16. Ne5 Re8 17. Qf5 Nxe5 18. dxe5 Bc5+ 19. Kh1 Qe7 20. Bxf4
Bb4 21. Rd1 Nd7 22. e6 Bxc3 23. bxc3 fxe6 24. dxe6 Nf8 25. Qf7+ Qxf7 26. exf7+
Kxf7 27. Bxc7 Re2 28. g3 Rxc2 29. Rf1+ Ke8 30. Re1+ Kd7 31. Be5 Ne6 32. a4 Ra2
33. Rd1+ Ke7 34. Rb1 Ng5 35. Rxb7+ Ke6 36. Bd4 Nf3 37. Bg1 g5 38. g4 Ke5 39.
Rxh7 Kf4 40. Rd7 Ra1 41. Rd4+ Nxd4 42. cxd4 Rxa4 43. Kg2 Kxg4 44. d5 Ra2+ 45.
Kf1 Rd2 46. Be3 Rxd5 47. Ke2 a5 48. Bb6 a4 49. Bc7 a3 50. Ke3 a2 51. Ke4 Rb5
52. Be5 Rxe5+ 0-1

[Event "Mercredi 2013.04.03 ABCD"]
[Site "Montreal CAN"]
[Date "2013.04.03"]
[Round "1"]
[White "Rondon, Luciano"]
[Black "Lacroix, Serge"]
[Result "0-1"]
[WhiteElo "1914"]
[BlackElo "1870"]
[PlyCount "108"]
[EventDate "2013.04.03"]
[EventType "tourn"]
[EventRounds "5"]
[EventCountry "CAN"]

1. d4 Nf6 2. Nf3 g6 3. c4 c5 4. d5 b5 5. cxb5 a6 6. bxa6 Bxa6 7. g3 Bg7 8. Bg2
d6 9. Nc3 O-O 10. O-O Nbd7 11. Re1 Qb6 12. Qc2 Rfb8 13. b3 Ng4 14. h3 Nge5 15.
Rb1 Nxf3+ 16. Bxf3 Ne5 17. Bg2 Bc8 18. Bd2 Bf5 19. e4 Bxh3 20. Bxh3 Nf3+ 21.
Kg2 Nxe1+ 22. Rxe1 c4 23. bxc4 Qa6 24. Qd3 Rb2 25. Rb1 Rxb1 26. Qxb1 Bxc3 27.
Bxc3 Qxc4 28. Qb4 Qe2 29. Qd4 f6 30. a4 Qc2 31. Bd7 Rd8 32. Bc6 Rb8 33. a5 Rb1
34. Qd2 Qxe4+ 35. f3 Qc4 36. Kf2 Qf1+ 37. Ke3 Qg1+ 38. Qf2 Qc1+ 39. Qd2 Qa3 40.
Ke2 Rh1 41. Ke3 Rc1 42. Kd3 Rf1 43. Ke2 Rg1 44. Kf2 Rc1 45. Bb2 Qc5+ 46. Bd4
Qc4 47. Ke3 Rh1 48. Bc3 Rb1 49. Qd3 Qc5+ 50. Bd4 Qc1+ 51. Qd2 Rb3+ 52. Ke2 Qc4+
53. Kf2 Rb1 54. Ke3 f5 0-1

[Event "Mercredi 2013.04.03 ABCD"]
[Site "Montreal CAN"]
[Date "2013.04.10"]
[Round "2"]
[White "Lacroix, Serge"]
[Black "Ostaci, Liviu"]
[Result "1-0"]
[WhiteElo "1870"]
[BlackElo "1854"]
[PlyCount "65"]
[EventDate "2013.04.03"]
[EventType "tourn"]
[EventRounds "5"]
[EventCountry "CAN"]

1. e4 c5 2. Nf3 d6 3. d4 cxd4 4. Nxd4 Nf6 5. Nc3 a6 6. a4 e6 7. Be3 Qc7 8. Be2
Be7 9. O-O O-O 10. f4 Nc6 11. Kh1 Bd7 12. Qe1 Rac8 13. Nxc6 Bxc6 14. Bf3 Rfe8
15. Qf2 Bf8 16. Bb6 Qb8 17. Bd4 Nd7 18. f5 e5 19. Be3 Kh8 20. Bh5 Kg8 21. Bf3
Nf6 22. Bg5 Be7 23. Be3 Red8 24. Rfd1 h6 25. g4 Nh7 26. h4 Nf6 27. g5 hxg5 28.
hxg5 Nd7 29. Rg1 f6 30. g6 Kf8 31. Qh4 Ke8 32. Qh8+ Bf8 33. Qg8 1-0

[Event "Mercredi 2013.04.03 ABCD"]
[Site "Montreal CAN"]
[Date "2013.04.17"]
[Round "3"]
[White "Nardone, Raul"]
[Black "Lacroix, Serge"]
[Result "0-1"]
[WhiteElo "1895"]
[BlackElo "1870"]
[PlyCount "72"]
[EventDate "2013.04.03"]
[EventType "tourn"]
[EventRounds "5"]
[EventCountry "CAN"]

1. d4 c5 2. d5 Nf6 3. c4 g6 4. Nc3 d6 5. e4 Bg7 6. Nf3 O-O 7. Be2 b5 8. cxb5 a6
9. b6 Qxb6 10. Nd2 Bd7 11. Nc4 Qc7 12. a4 a5 13. O-O Na6 14. f4 Nb4 15. Bf3 h5
16. h3 Rab8 17. Qe2 e6 18. Nxd6 Qxd6 19. e5 Qa6 20. Qxa6 Nxa6 21. Be2 Nb4 22.
exf6 Bxf6 23. dxe6 Bxe6 24. Ra3 Nc2 25. Nb5 Nxa3 26. bxa3 Rfd8 27. g4 hxg4 28.
hxg4 Bd4+ 29. Kh2 f5 30. gxf5 gxf5 31. Rf3 Kf7 32. Rh3 Rh8 33. Bh5+ Ke7 34. Nc7
Rbc8 35. Nb5 Bd5 36. Bd2 Rcg8 0-1

[Event "Mercredi 2013.04.03 ABCD"]
[Site "Montreal CAN"]
[Date "2013.04.24"]
[Round "4"]
[White "Lacroix, Serge"]
[Black "Saha, Ananda"]
[Result "0-1"]
[WhiteElo "1870"]
[BlackElo "1788"]
[PlyCount "86"]
[EventDate "2013.04.03"]
[EventType "tourn"]
[EventRounds "5"]
[EventCountry "CAN"]

1. e4 b6 2. d4 Bb7 3. Nc3 e6 4. Nf3 Nf6 5. Bd3 d5 6. exd5 Nxd5 7. Nxd5 Bxd5 8.
O-O Be7 9. Re1 O-O 10. c3 Nd7 11. Bf4 c5 12. Qe2 cxd4 13. Nxd4 Bg5 14. Qh5 h6
15. Bxg5 Qxg5 16. Qxg5 hxg5 17. Be4 Bxe4 18. Rxe4 e5 19. Nf5 f6 20. Kf1 Nc5 21.
Re3 Rfd8 22. Ke2 g6 23. Ng3 Ne6 24. Ne4 f5 25. Nd2 Nf4+ 26. Kd1 e4 27. Kc2 g4
28. g3 Nd3 29. Rf1 Rac8 30. Nb3 a5 31. Kb1 a4 32. Nd4 a3 33. Rxd3 exd3 34. Rd1
axb2 35. Kxb2 Kf7 36. Rxd3 Rh8 37. Nb5 Rcd8 38. Re3 Rxh2 39. Re2 f4 40. gxf4 g3
41. Re3 gxf2 42. Rf3 f1=Q+ 43. Kb3 Qxb5+ 0-1

[Event "Mercredi 2013.04.03 ABCD"]
[Site "Montreal CAN"]
[Date "2013.04.12"]
[Round "5"]
[White "Millette, Sylvain"]
[Black "Lacroix, Serge"]
[Result "0-1"]
[WhiteElo "1872"]
[BlackElo "1870"]
[PlyCount "104"]
[EventDate "2013.04.03"]
[EventType "tourn"]
[EventRounds "5"]
[EventCountry "CAN"]

1. Nf3 Nf6 2. g3 g6 3. Bg2 Bg7 4. d4 c5 5. O-O cxd4 6. Nxd4 Nc6 7. c3 O-O 8.
Qa4 Nxd4 9. cxd4 d5 10. Nc3 Bd7 11. Qb3 Bc6 12. Bd2 e6 13. Rac1 Ne4 14. Nxe4
dxe4 15. e3 Qd7 16. Qc2 f5 17. f3 exf3 18. Bxf3 Bxf3 19. Rxf3 Qd5 20. Rff1 Qxa2
21. Ra1 Qd5 22. Ra5 Qd7 23. Rc5 Rfc8 24. Rc1 Rxc5 25. Qxc5 Bf8 26. Qc7 Rd8 27.
Qxd7 Rxd7 28. Rc8 Kf7 29. Bc3 h5 30. h4 Bd6 31. Kf2 b5 32. Be1 Rc7 33. Rxc7+
Bxc7 34. Ke2 e5 35. Kd3 e4+ 36. Kc3 Ba5+ 37. b4 Bb6 38. Kb3 Ke6 39. Bc3 Kd5 40.
Be1 Bd8 41. Bd2 g5 42. hxg5 Bxg5 43. Kc3 h4 44. gxh4 Bxh4 45. Kb3 Bf2 46. Kc3
f4 47. exf4 Bxd4+ 48. Kc2 e3 49. Bc3 Bxc3 50. Kxc3 Ke4 51. f5 Kxf5 52. Kd3 Kf4
0-1

[Event "Mercredi 2013.02.20 ABCD"]
[Site "Montreal CAN"]
[Date "2013.02.20"]
[Round "1"]
[White "Lacroix, Serge"]
[Black "Bergeron, Rene"]
[Result "1-0"]
[WhiteElo "1863"]
[BlackElo "1764"]
[PlyCount "154"]
[EventDate "2013.02.20"]
[EventType "tourn"]
[EventRounds "5"]
[EventCountry "CAN"]

1. e4 d5 2. exd5 Qxd5 3. d4 Nf6 4. Nc3 Qd6 5. Nf3 Bg4 6. Be2 e6 7. O-O Nc6 8.
Be3 Be7 9. Nb5 Qd8 10. Bf4 Nd5 11. Bg3 a6 12. Nc3 Nxc3 13. bxc3 O-O 14. Rb1 Rb8
15. Re1 Bd6 16. Bh4 Be7 17. Bg3 Bd6 18. Bd3 Bxg3 19. hxg3 h6 20. Be4 Na5 21.
Qe2 b5 22. Bd3 Qd5 23. Qe4 Qxe4 24. Rxe4 Bf5 25. Re5 Bxd3 26. cxd3 Rfc8 27. Rc5
Rb6 28. a4 Nb7 29. Re5 bxa4 30. Ra1 Rb3 31. Rxa4 Rxc3 32. Rxa6 Rxd3 33. Rc6
Rd1+ 34. Re1 Rxe1+ 35. Nxe1 Kf8 36. Kf1 Na5 37. Rc3 Ke7 38. Ke2 Kd7 39. Nd3 f6
40. Nc5+ Kd6 41. Kd3 f5 42. Ra3 Nc6 43. Kc3 Rb8 44. Nd3 Rb1 45. Ra6 Rb6 46. Ra8
Ke7 47. Rc8 Rb7 48. Rg8 Kf7 49. Rh8 Ne7 50. Ne5+ Kf6 51. Rf8+ Kg5 52. Rf7 Nd5+
53. Kc4 g6 54. Rg7 Rb4+ 55. Kc5 Rb2 56. Rxg6+ Kh5 57. Rxe6 Nc3 58. f3 Rxg2 59.
g4+ fxg4 60. fxg4+ Kg5 61. Rg6+ Kf4 62. Rxh6 Ne4+ 63. Kd5 Nf2 64. Rf6+ Ke3 65.
Rc6 Kd2 66. Rxc7 Nxg4 67. Nxg4 Rxg4 68. Kc5 Kd3 69. d5 Rg5 70. Kc6 Ke4 71. Re7+
Kf5 72. d6 Kf6 73. Re2 Rg1 74. Kd7 Rc1 75. Rf2+ Ke5 76. Ke7 Rc8 77. d7 Rc7 1-0

[Event "Mercredi 2013.02.20 ABCD"]
[Site "Montreal CAN"]
[Date "2013.02.27"]
[Round "2"]
[White "Nardone, Raul"]
[Black "Lacroix, Serge"]
[Result "1/2-1/2"]
[WhiteElo "1875"]
[BlackElo "1863"]
[PlyCount "70"]
[EventDate "2013.02.20"]
[EventType "tourn"]
[EventRounds "5"]
[EventCountry "CAN"]

1. d4 Nf6 2. Nf3 g6 3. Bg5 Bg7 4. Nbd2 d5 5. e3 O-O 6. Bd3 c5 7. c3 cxd4 8.
exd4 Bf5 9. Bxf5 gxf5 10. Bxf6 Bxf6 11. Qc2 e6 12. O-O-O Nc6 13. Qd3 Rc8 14.
Kb1 a6 15. g4 fxg4 16. Rhg1 Kh8 17. Rxg4 Rg8 18. Rxg8+ Kxg8 19. Rg1+ Kh8 20. h4
Qd6 21. Nf1 Rg8 22. Rxg8+ Kxg8 23. Qe3 Qf8 24. Ng3 Qg7 25. a3 Qg6+ 26. Ka2 a5
27. h5 Qc2 28. Ne1 Qd1 29. Qf4 Be7 30. Nf3 a4 31. Ne5 Qb3+ 32. Ka1 Qd1+ 33. Ka2
Qb3+ 34. Ka1 Qd1+ 35. Ka2 Qb3+ 1/2-1/2

[Event "Mercredi 2013.02.20 ABCD"]
[Site "Montreal CAN"]
[Date "2013.03.06"]
[Round "3"]
[White "Lacroix, Serge"]
[Black "Heredia, Jose"]
[Result "1-0"]
[WhiteElo "1863"]
[BlackElo "1828"]
[PlyCount "93"]
[EventDate "2013.02.20"]
[EventType "tourn"]
[EventRounds "5"]
[EventCountry "CAN"]

1. e4 c5 2. Nf3 d6 3. d4 cxd4 4. Nxd4 Nf6 5. Nc3 g6 6. Bc4 Bg7 7. f3 O-O 8. Be3
Nc6 9. Qd2 Bd7 10. O-O-O Rc8 11. Bb3 Ne5 12. g4 Nc4 13. Bxc4 Rxc4 14. h4 h5 15.
g5 Nh7 16. Kb1 Re8 17. Nde2 Nf8 18. Bd4 Qa5 19. Bxg7 Kxg7 20. Nd5 Qxd2 21. Rxd2
Bc6 22. b3 Bxd5 23. bxc4 Bxc4 24. Nf4 Ne6 25. Nxe6+ fxe6 26. f4 Rf8 27. Rf2 e5
28. f5 gxf5 29. exf5 e6 30. f6+ Kg6 31. Re1 Bd5 32. Rd2 b5 33. Re3 Rf7 34. a4
a6 35. axb5 axb5 36. Ra3 Kf5 37. Rf2+ Kg6 38. Ra6 Rd7 39. Rb6 e4 40. Kc1 e3 41.
Re2 Kf5 42. Rxe3 Bc4 43. Rf3+ Kg6 44. Rb8 e5 45. Rh8 Rh7 46. Rxh7 Kxh7 47. f7
1-0

[Event "Mercredi 2013.02.20 ABCD"]
[Site "Montreal CAN"]
[Date "2013.03.13"]
[Round "4"]
[White "Lacroix, Serge"]
[Black "Ostaci, Liviu"]
[Result "1/2-1/2"]
[WhiteElo "1863"]
[BlackElo "1841"]
[PlyCount "116"]
[EventDate "2013.02.20"]
[EventType "tourn"]
[EventRounds "5"]
[EventCountry "CAN"]

1. e4 c5 2. Nf3 e6 3. d4 cxd4 4. Nxd4 a6 5. a4 Qc7 6. Be2 Nf6 7. Nc3 Be7 8. O-O
Nc6 9. Be3 O-O 10. f4 d6 11. Bf3 Bd7 12. Qe1 Rac8 13. Qg3 Na5 14. e5 Ne8 15.
Kh1 Nc4 16. Nd1 Nxe3 17. Nxe3 dxe5 18. fxe5 Bc5 19. c3 Bxd4 20. cxd4 Bc6 21.
Rac1 Qd7 22. Bxc6 Rxc6 23. Rxc6 Qxc6 24. Qf3 Qd7 25. Qd1 Nc7 26. h3 Nd5 27. Nc4
b5 28. axb5 axb5 29. Nd6 Ne3 30. Qc1 Nxf1 31. Qxf1 b4 32. Qc4 Rb8 33. Ne4 Qd5
34. Qc7 Rf8 35. Qc2 Qxd4 36. Ng5 g6 37. Nf3 Qd5 38. Qf2 f6 39. exf6 Rxf6 40.
Qe3 Qd6 41. Qe4 Rf8 42. h4 Rf4 43. Qa8+ Kg7 44. Qb7+ Rf7 45. Qe4 Qd1+ 46. Kh2
Rxf3 47. gxf3 Qd2+ 48. Kg3 Qxb2 49. Qxe6 Qf6 50. Qd7+ Kh6 51. Qd2+ g5 52. Qxb4
gxh4+ 53. Qxh4+ Qxh4+ 54. Kxh4 Kg6 55. Kg4 Kf6 56. Kh5 Kf5 57. Kh6 Kf4 58. Kxh7
Kxf3 1/2-1/2

[Event "Mercredi 2013.02.20 ABCD"]
[Site "Montreal CAN"]
[Date "2013.03.04"]
[Round "5"]
[White "Millette, Sylvain"]
[Black "Lacroix, Serge"]
[Result "1-0"]
[WhiteElo "1764"]
[BlackElo "1863"]
[PlyCount "139"]
[EventDate "2013.02.20"]
[EventType "tourn"]
[EventRounds "5"]
[EventCountry "CAN"]

1. Nf3 Nf6 2. g3 c5 3. Bg2 d5 4. O-O Nc6 5. d4 e6 6. c4 cxd4 7. Nxd4 Qb6 8.
Nxc6 bxc6 9. cxd5 cxd5 10. Nc3 Be7 11. e4 Bb7 12. exd5 exd5 13. Nxd5 Nxd5 14.
Bxd5 O-O 15. Bxb7 Qxb7 16. Qe2 Bf6 17. Rb1 Rfe8 18. Be3 Bd4 19. Qd2 Bxe3 20.
fxe3 Rad8 21. Qf2 f6 22. Rbd1 Rc8 23. Rd2 Qe4 24. Re1 Rc5 25. Qg2 Qe5 26. Qb7
Rc7 27. Qd5+ Qxd5 28. Rxd5 Rc2 29. Rf5 Rxb2 30. Rf2 Rb4 31. Rc2 h5 32. h3 Kh7
33. Rc5 Kg6 34. Kf2 Ra4 35. Rc2 Ra3 36. Ree2 Re5 37. Rc4 Rea5 38. Rcc2 Re5 39.
Rc4 a5 40. Kf3 a4 41. Rcc2 Rf5+ 42. Kg2 Rd5 43. Kf3 Rad3 44. Rc4 a3 45. Ra4 Rb5
46. Ke4 Rbd5 47. Rd4 R5xd4+ 48. exd4 Rxg3 49. d5 f5+ 50. Kd4 f4 51. d6 f3 52.
Re3 Rg1 53. Rxf3 Rd1+ 54. Ke5 Rd2 55. Rxa3 Kf7 56. Ra7+ Ke8 57. a4 Re2+ 58. Kf4
Rd2 59. d7+ Kd8 60. a5 Rd3 61. h4 Rd4+ 62. Kg5 g6 63. Kxg6 Rxh4 64. a6 Rh1 65.
Rb7 Ra1 66. a7 h4 67. Rb8+ Kxd7 68. a8=Q Rxa8 69. Rxa8 h3 70. Rh8 1-0